Estadísticas para Top 10 Países que Producen la Mayor Cantidad de Arroz

Haz click aquí para tomar la prueba!

Estadísticas generales

  • Esta prueba ha sido tomada 1.139 veces
  • La puntuación promedio es 8 de 10

Estadísticas de respuestas

ToneladasPaís% Correcto
208 MChina
100%
157 MIndia
92%
10.5 MJapón
88%
45.0 MVietnam
87%
70.8 MIndonesia
84%
32.6 MTailandia
84%
19.0 MFilipinas
68%
52.2 MBangladés
67%
26.4 MMyanmar
67%
12.2 MBrasil
59%

Distribución de puntuación

Porcentaje por número respondido

Porcentaje de gente con cada puntuación

Historial de tus puntuaciones

No has tomado esta prueba